Livros - Statistics

Estatísticas Gerais
  • Esse quiz foi jogado 224 vezes
  • A pontuação média é 6 de 15
Estatísticas das Respostas
Hint Resposta % Correto
Harry Potter J.K.Rowling
89%
Diário de Anne Frank Anne Frank
81%
Orgulho e Preconceito Jane Austen
71%
Lusíadas Luís Vaz de Camões
60%
A Culpa é das estrelas John Green
57%
O Senhor dos Anéis J.R.R.Tolkien
38%
O Pequeno Príncipe Antoine de Saint-Exupéry
34%
As crônicas de Nárnia C.S.Lewis
33%
Auto da Barca do Inferno Gil Vicente
31%
Twilight Stephanie Mayer
26%
O grande Gatsby F.Scott Fitzgerald
24%
50 sombras de Grey E.L.James
14%
Uma Aventura Ana Maria Magalhães e Isabel Alçada
4%
After Anna Tood
4%
Cavaleiro da Dinamarca Sophia Mello Breyner
3%
Nenhum quiz correspondente encontrado
Distribuição das Pontuações
Porcentagem de Pessoas com Cada Pontuação
Percentil de Números Respondidos
Sua Pontuação Histórica
Você não jogou esse quiz